000 00326nam a2200133Ia 4500
005 20251222141826.0
008 251222s9999||||xx |||||||||||||| ||spa||
020 _a84-7151-941-0
082 _a270/G67
100 _aGonzález Echegaray, Joaquín
245 0 _aArqueología y Evangelios
264 _bVerbo Divino
942 _cLIB
999 _c6947
_d6947